15 U.S. Colleges With the Lowest Acceptance Rate - Statistics

General Stats
  • This quiz has been taken 99 times
  • The average score is 8 of 15
Answer Stats
Fall 2020 Acceptance Rate Location College % Correct
5% Cambridge, Massachusetts Harvard University
97%
5% Palo Alto, California Stanford University
89%
6% Princeton, New Jersey Princeton University
86%
7% New Haven, Connecticut Yale University
85%
6% New York City, New York Columbia University
77%
7% Cambridge, Massachusetts Massachusetts Institute of Technology
77%
8% Providence, Rhode Island Brown University
70%
8% Durham, North Carolina Duke University
69%
9% Hanover, New Hampshire Dartmouth College
67%
7% Chicago, Illinois University of Chicago
42%
9% Brunswick, Maine Bowdoin College
22%
7% Pasadena, California California Institute of Technology
19%
7% New York City, New York Julliard School
7%
7% Pippa Passes, Kentucky Alice Lloyd College
3%
4% Philadelphia, Pennsylvania Curtis Institute of Music
1%
No matching quizzes found
Score Distribution
Percent of People with Each Score
Percentile by Number Answered
Your Score History
You have not taken this quiz